Serie A 2021-2022 Top scorers - Statistics

General Stats
  • This quiz has been taken 23 times
  • The average score is 11 of 14
Answer Stats
Goals Nationality Club Player % Correct
27 Italy Lazio Ciro Immobile
100%
21 Argentina Inter Milan Lautaro Martínez
100%
17 England Roma Tammy Abraham
100%
24 Serbia Juventus Dušan Vlahović
95%
13 Bosnia and Herzegovina Inter Milan Edin Džeko
95%
14 Nigeria Napoli Victor Osimhen
95%
14 Austria Bologna Marko Arnautović
90%
15 Italy Sassuolo Domenico Berardi
86%
13 Croatia Atalanta Mario Pašalić
76%
13 Spain Udinese Gerard Deulofeu
71%
16 Italy Sassuolo Gianluca Scamacca
71%
17 Argentina Hellas Verona Giovanni Simeone
67%
13 Italy Empoli Andrea Pinamonti
62%
13 Italy Cagliari João Pedro
33%
No matching quizzes found
Score Distribution
Percent of People with Each Score
Percentile by Number Answered
Your Score History
You have not taken this quiz